The noble scholar, jurist, historian


 His Excellency Dr. Abdul Wahhab bin Ibrahim Abu Sulaiman, may Allah have mercy on him.


 He was born in Umm Al-Qura in the year 1356 AH.

المصحف والسيف : (Record no. 12287)

MARC details
000 -LEADER
fixed length control field 01492cam a2200301 i 4500
003 - CONTROL NUMBER IDENTIFIER
control field SA-RiAUC
005 - DATE AND TIME OF LATEST TRANSACTION
control field 20251001130130.0
008 - FIXED-LENGTH DATA ELEMENTS--GENERAL INFORMATION
fixed length control field 250710s1997 su o g 00000dara c
040 ## - CATALOGING SOURCE
Original cataloging agency SA-AhKFU
Language of cataloging ara
Transcribing agency SA-RiAUC
Description conventions rda
043 ## - GEOGRAPHIC AREA CODE
Geographic area code a-su---
082 04 - DEWEY DECIMAL CLASSIFICATION NUMBER
Classification number 953.105
090 ## - LOCALLY ASSIGNED LC-TYPE CALL NUMBER (OCLC); LOCAL CALL NUMBER (RLIN)
Classification number (OCLC) (R) ; Classification number, CALL (RLIN) (NR) 953.105
Local cutter number (OCLC) ; Book number/undivided call number, CALL (RLIN) ا ب ن س
100 1# - MAIN ENTRY--PERSONAL NAME
Personal name ابن سعود، عبد العزيز بن عبد الرحمن بن فيصل،
Titles and words associated with a name ملك السعودية،
Dates associated with a name 1293-1373 هجري
Relator term مؤلف.
245 12 - TITLE STATEMENT
Title المصحف والسيف :
Remainder of title مجموعة من خطابات وكلمات وأحاديث ومذكرات المغفور له جلالة الملك عبد العزيز آل سعود مؤسس المملكة العربية السعودية /
Statement of responsibility, etc. جمع وإعداد محيي الدين القابسي.
250 ## - EDITION STATEMENT
Edition statement الطبعة الرابعة، مزيدة.
264 #1 - PRODUCTION, PUBLICATION, DISTRIBUTION, MANUFACTURE, AND COPYRIGHT NOTICE
Place of production, publication, distribution, manufacture الرياض :
Name of producer, publisher, distributor, manufacturer دار الصحراء السعودية،
Date of production, publication, distribution, manufacture, or copyright notice 1997
300 ## - PHYSICAL DESCRIPTION
Extent 340 صفحة :
Other physical details صور ؛
Dimensions 32 سم
336 ## - CONTENT TYPE
Content type term نص
Content type code txt
Source rdacontent
Materials specified كتاب
337 ## - MEDIA TYPE
Media type term بدون وسيط
Media type code n
Source rdamedia
338 ## - CARRIER TYPE
Carrier type term مجلد
Carrier type code nc
Source rdacarrier
600 17 - SUBJECT ADDED ENTRY--PERSONAL NAME
Personal name ابن سعود، عبد العزيز بن عبد الرحمن بن فيصل،
Titles and other words associated with a name ملك السعودية،
Dates associated with a name 1293-1373 هجري
Source of heading or term aucnm
650 #7 - SUBJECT ADDED ENTRY--TOPICAL TERM
Topical term or geographic name entry element الخطب
Source of heading or term aucsh
651 #7 - SUBJECT ADDED ENTRY--GEOGRAPHIC NAME
Geographic name السعودية
General subdivision تاريخ
Source of heading or term aucsh
700 1# - ADDED ENTRY--PERSONAL NAME
Personal name القابسي، محيي الدين
Relator term جامع.
942 ## - ADDED ENTRY ELEMENTS (KOHA)
Source of classification or shelving scheme Dewey Decimal Classification
Koha item type Books
Suppress in OPAC No
949 ## - LOCAL PROCESSING INFORMATION (OCLC)
a SA-JeALM
d 250710
u mohamedma123
n 1
Holdings
Withdrawn status Lost status Source of classification or shelving scheme Damaged status Not for loan Home library Current library Date acquired Total checkouts Full call number Barcode Date last seen Price effective from Koha item type
    Dewey Decimal Classification     DR AbdElwahab Library DR AbdElwahab Library 10/01/2025   953.105 ا ب ن س 000019783 10/01/2025 10/01/2025 Books